000 00348pab a2200145 454500
008 180718b2001 xxu||||| |||| 00| 0 eng d
100 _aRangarajan, C.
245 _aEconomic reforms: an assessment
260 _c2001
300 _ap.1-10
362 _aJul-Sep
650 _aEconomic reform
773 _aIndian Economic Journal
909 _a50918
999 _c50918
_d50918